Plan de salud e higiene ocupacional para la planta extractora de aceite de palma Palmatec, según el protocolo del Ministerio de Salud
Guardado en:
| Hovedforfatter: | |
|---|---|
| Format: | Bog |
| Sprog: | Spanish |
| Udgivet: |
San José, Costa Rica
2013
|
| Fag: | |
| Tags: |
Tilføj Tag
Ingen Tags, Vær først til at tagge denne postø!
|
MARC
| LEADER | 00000nam a22000007a 4500 | ||
|---|---|---|---|
| 003 | 011877 | ||
| 005 | 20231122110819.0 | ||
| 008 | 150318b2013 cr a|||| |||| 00| 0 spa d | ||
| 040 | |c cru CEDI | ||
| 100 | |9 540 |a Pineda Obando, Jason | ||
| 245 | |a Plan de salud e higiene ocupacional para la planta extractora de aceite de palma Palmatec, según el protocolo del Ministerio de Salud | ||
| 260 | |a San José, Costa Rica |c 2013 | ||
| 500 | |a Proyecto de graduación (licenciatura en ingeniería química)--Universidad de Costa Rica. Facultad de Ingeniería. Escuela de Ingeniería Química | ||
| 501 | |a Director de Proyecto de Graduación: Dr. Ing. Eduardo Rivera, PHD. | ||
| 650 | |x SALUD OCUPACIONAL |x EVALUACION DE RIESGOS CONTRA LA SALUD |x SEGURIDAD INDUSTRIAL |x EXTRACCION (QUIMICA) |x ACEITE DE PALMA - PROCESAMIENTO - MEDIDAS DE SEGURIDAD |x TRABAJADORES INDUSTRIALES - SALUD E HIGIENE |9 541 | ||
| 942 | |c TFG |h TFG 7045 |i 011877 |6 TFG_7045_011877000000000 | ||
| 999 | |c 13739 |d 13739 | ||
